000 00290nam a22001337a 4500
008 170831b xxu||||| |||| 00| 0 eng d
020 _a066910121
041 _aeng
080 _a070
100 _a40
101 _aMED
245 _aWHEN INFORMATION COUNTS
_cRUBIN.K
942 _2udc
_cBK
999 _c25895
_d25895